Detalles MARC
| 000 -LIDER |
| fixed length control field |
00761nam a2200229 a 4500 |
| 001 - NÚMERO DE CONTROL |
| Identificador de número de control |
000029551 |
| 003 - IDENTIFICACDOR DE NÚMERO DE CONTROL |
| control field |
DO-SdBNP |
| 005 - DATE AND TIME OF LATEST TRANSACTION |
| control field |
20180215093207.0 |
| 007 - CAMPOS FIJOS DE DESCRIPCIÓN FÍSICA |
| fixed length control field |
000029551 |
| 008 - ELEMENTOS DE LONGITUD FIJA |
| fixed length control field |
140704s2004 dr a 000 0 spa d |
| 040 ## - FUENTE DE CATALOGACIÓN |
| Agencia que crea de manera original el registro |
BPMET |
| Idioma de catalogación |
spa |
| Agencia que realiza la transcripción |
BPMET |
| 110 ## - ASIENTO PRINCIPAL--NOMBRE CORPORATIVO |
| Término de relación |
Fundación Institucionalidad y Justicias (República Dominicana ) |
| 245 00 - MENCIÓN DE TITULO |
| Título |
Justicia para todos : |
| Subtítulo |
nuevo código procesal penal. |
| 260 ## - PUBLICACIÓN, DISTRIBUCIÓN, ETC. (PIE DE IMPRENTA) |
| Lugar de publicación, distribución, etc |
Santo Domingo : |
| Nombre del editor, distribuidor, etc. |
FINJUS, |
| Fecha de publicación, distribución, etc |
2004. |
| 300 ## - DESCRIPCIÓN FÍSICA |
| Extensión |
11 p. : |
| Otros detalles físicos |
il. ; |
| Dimensiones |
29 cm. |
| 710 2# - ASIENTO SECUNDARIO -- NOMBRE CORPORATIVO |
| Nombre corporativo o de jurisdicción |
Fundación Institucionalidad y Justicia (FINJUS) |
| 930 #1 - EQUIVALENCE OR CROSS-REFERENCE-UNIFORM TITLE HEADING [LOCAL, CANADA] |
| Language of a work |
BND01 |
| Medium of performance for music |
LF1 |
| Field link and sequence number |
20140704 |
| Date of a work |
01 |
| Name of part/section of a work |
CT |
| Miscellaneous information |
45495 |
| 930 #1 - EQUIVALENCE OR CROSS-REFERENCE-UNIFORM TITLE HEADING [LOCAL, CANADA] |
| Language of a work |
BND01 |
| Medium of performance for music |
LF1 |
| Field link and sequence number |
20140704 |
| Date of a work |
01 |
| Name of part/section of a work |
CT |
| Miscellaneous information |
45495 |
| Medium |
e. 2 |
| 942 ## - ADDED ENTRY ELEMENTS (KOHA) |
| Source of classification or shelving scheme |
Dewey Decimal Classification |
| Koha item type |
Libros |
| 945 ## - INFORMACIÓN DE PROCESAMIENTO LOCAL |
| Información de procesamiento local |
inventariado, 2018 / dg |
| 956 ## - LOCAL ELECTRONIC LOCATION AND ACCESS (OCLC) |
| Nombre de host |
VMATEO |
| Número de acceso |
10 |
| Información de compresión |
20140707 |
| Inicio de sesión |
BND01 |
| Procesador de solicitud |
1056 |